Indian states' opium committee 1927-28 (Record no. 499459)

000 -LEADER
fixed length control field 00300cam a22000977a 4500
008 - FIXED-LENGTH DATA ELEMENTS--GENERAL INFORMATION
fixed length control field 180718b1929 xxu||||| |||| 00| 0 eng d
082 ## - DEWEY DECIMAL CLASSIFICATION NUMBER
Classification number Z237x54 In2op
245 ## - TITLE STATEMENT
Title Indian states' opium committee 1927-28
260 ## - PUBLICATION, DISTRIBUTION, ETC.
Place of publication, distribution, etc. Calcutta
Name of publisher, distributor, etc. Government of India Press
Date of publication, distribution, etc. 1929
500 ## - GENERAL NOTE
General note Contents: Library has v2 to v.4
Holdings
Withdrawn status Lost status Damaged status Not for loan Permanent Location Current Location Date acquired Full call number Barcode Date last seen Price effective from Koha item type
        Indian Institute of Public Administration Indian Institute of Public Administration 2018-08-04 Z237x54 In2op G3782 2018-08-04 2018-08-04 G
        Indian Institute of Public Administration Indian Institute of Public Administration 2018-08-04 Z237x54 In2op G3781 2018-08-04 2018-08-04 G
        Indian Institute of Public Administration Indian Institute of Public Administration 2018-08-04 Z237x54 In2op G3780 2018-08-04 2018-08-04 G

Powered by Koha